Lexnet Abogados. Notificaciones electrn̤icas y presentacin̤ de escritos y demandas

Bibliographic Details
Main Author: Sanjurjo Rebollo, Beatriz
Format: Book
Language:Spanish
Published: Espaą Editorial vLex 2016
Subjects:
Online Access:Acceso restringido

MARC

LEADER 00000nam a22000007a 4500
005 20160413150559.0
007 cr|||| ||u|
008 160413s2016 sp ||||| |||| 00||0 spa d
020 |a 978-84-9085-599-7 
035 |a 14113 
040 |a vLex  
090 |c 5993  |d 5993 
100 1 |a Sanjurjo Rebollo, Beatriz  
245 1 0 |a Lexnet Abogados. Notificaciones electrn̤icas y presentacin̤ de escritos y demandas  |h [Recurso electrn̤ico] /  |c Beatriz Sanjurjo Rebollo 
256 |a Servicio en ln̕ea  
260 |a Espaą   |b Editorial vLex  |c 2016 
300 |a 1 recurso electrn̤ico  
506 1 |a Contenido solo disponible en los productos indicados   |d vLex Global  |d vLex Global (Academic Edition, excluding Law Schools)  |d vLex Global (U.S. Academic Edition, Law Schools)  |d vLex Global (U.S. Academic Edition, excluding Law Schools)  |d vLex Global (Academic Edition, Law Schools) 
650 0 4 |a Derecho   |z Espaą  
740 0 |a vLex libros (servicio en ln̕ea)  
856 4 0 |u http://vlex.com/source/lexnet-abogados-notificaciones-electronicas-presentacion-escritos-demandas-14113  |z Acceso restringido  
942 |c BOOK 
999 0 |a Law  |b Spain